MARC details
| 000 -LEADER |
| fixed length control field |
02356nam a22003497a 4500 |
| 001 - CONTROL NUMBER |
| control field |
100905 |
| 003 - CONTROL NUMBER IDENTIFIER |
| control field |
KnowledgeUnlatched |
| 005 - DATE AND TIME OF LATEST TRANSACTION |
| control field |
20210303105245.0 |
| 006 - FIXED-LENGTH DATA ELEMENTS--ADDITIONAL MATERIAL CHARACTERISTICS |
| fixed length control field |
m o d |
| 007 - PHYSICAL DESCRIPTION FIXED FIELD--GENERAL INFORMATION |
| fixed length control field |
cr u|||||||||| |
| 008 - FIXED-LENGTH DATA ELEMENTS--GENERAL INFORMATION |
| fixed length control field |
210129p20142019xxk o u00| u eng d |
| 037 ## - SOURCE OF ACQUISITION |
| Institution to which field applies |
BiblioBoard |
| 020 ## - INTERNATIONAL STANDARD BOOK NUMBER |
| International Standard Book Number |
9781526129376 |
| 029 1# - OTHER SYSTEM CONTROL NUMBER (OCLC) |
| OCLC library identifier |
https://library.biblioboard.com/ext/api/media/a8a516f1-e32a-45d5-b573-8f9c6afde525/assets/thumbnail.jpg |
| 040 ## - CATALOGING SOURCE |
| Original cataloging agency |
ScCtBLL |
| Transcribing agency |
ScCtBLL |
| 100 1# - MAIN ENTRY--PERSONAL NAME |
| Personal name |
Peterson, Jenny H. |
| Relator term |
author. |
| 245 00 - TITLE STATEMENT |
| Title |
Building a Peace Economy? |
| Remainder of title |
Liberal peacebuilding and the development-security industry / |
| Statement of responsibility, etc. |
Jenny H. Peterson. |
| 264 #1 - PRODUCTION, PUBLICATION, DISTRIBUTION, MANUFACTURE, AND COPYRIGHT NOTICE |
| Name of producer, publisher, distributor, manufacturer |
Manchester University Press, |
| 300 ## - PHYSICAL DESCRIPTION |
| Extent |
1 online resource (234 p.) |
| 506 0# - RESTRICTIONS ON ACCESS NOTE |
| Terms governing access |
Access copy available to the general public. |
| Standardized terminology for access restriction |
Unrestricted |
| Source of term |
star |
| 520 ## - SUMMARY, ETC. |
| Summary, etc. |
This book critically examines the range of policies and programmes that attempt to manage economic activity that contributes to political violence. It offers a new framework for understanding both the problem of economic activity in conflict zones as well as programmes aimed at managing these and transforming them into more peaceful economic and political relationships. Through this examination, both the problems of liberal modes of peacebuilding, implemented by the development-security industry, and opportunities for policy innovation are explored. Useful charts and frameworks throughout the book provide the reader with a range of analytical tools that can be easily used to explore war economies and related policies in a range of contexts, making this book an essential read for students, policy makers and aid practitioners working in a range of disciplines and conflict-affected areas. |
| 588 0# - SOURCE OF DESCRIPTION NOTE |
| Source of description note |
Description based on print version record. |
| 590 ## - LOCAL NOTE (RLIN) |
| Local note |
KU Select 2017: Backlist Collection |
| 650 #7 - SUBJECT ADDED ENTRY--TOPICAL TERM |
| Topical term or geographic name entry element |
Political Science / Peace |
| Source of heading or term |
bisacsh |
| 650 #0 - SUBJECT ADDED ENTRY--TOPICAL TERM |
| Topical term or geographic name entry element |
Political science |
| 655 #0 - INDEX TERM--GENRE/FORM |
| Genre/form data or focus term |
Electronic books. |
| 758 ## - |
| -- |
Is found in: |
| -- |
Knowledge Unlatched |
| -- |
https://openresearchlibrary.org/module/2774bc74-146a-484f-a7ba-ab1d6a09bbfb |
| 856 40 - ELECTRONIC LOCATION AND ACCESS |
| Uniform Resource Identifier |
<a href="https://openresearchlibrary.org/content/a8a516f1-e32a-45d5-b573-8f9c6afde525">https://openresearchlibrary.org/content/a8a516f1-e32a-45d5-b573-8f9c6afde525</a> |
| Public note |
View this content on Open Research Library. |
| -- |
0 |